000 00326nam a2200133Ia 4500
008 151001s9999||||xx |||||||||||||| ||und||
100 _amanjim kamat
245 _amumbai past and presant
250 _a1
260 _bIndus soure Book
260 _c2013
300 _a186
365 _b21
999 _c999924
_d999921